Statistics for Maisie Peters - Funeral

Click here to take the quiz!

General Stats

  • This quiz has been taken 5 times
  • The average score is 253 of 291

Answer Stats

Answer% Correct
a
100%
all
100%
and
100%
And
100%
be
100%
Because
100%
but
100%
But
100%
Cause
100%
dead
100%
for
100%
funeral
100%
got
100%
I
100%
I’m
100%
in
100%
is
100%
it
100%
it’s
100%
know
100%
live
100%
love
100%
me
100%
not
100%
of
100%
other
100%
our
100%
so
100%
That
100%
that
100%
the
100%
The
100%
this
100%
to
100%
To
100%
want
100%
was
100%
were
100%
when
100%
who
100%
with
100%
You
100%
you
100%
Your
100%
your
100%
you’re
100%
About
80%
about
80%
beautiful
80%
blusher,
80%
Both
80%
boys
80%
by
80%
call
80%
damn
80%
date
80%
day,
80%
day
80%
despite
80%
done
80%
every
80%
everything
80%
full
80%
girl
80%
girls
80%
grave
80%
headphones
80%
heard
80%
How
80%
hurt
80%
Id
80%
I’d
80%
late
80%
laugh
80%
lied
80%
like
80%
living
80%
lot
80%
May
80%
meeting
80%
my
80%
one
80%
out
80%
past
80%
people
80%
right
80%
roll
80%
second
80%
serial
80%
stone
80%
such
80%
think
80%
time
80%
whole
80%
worst
80%
yet
80%
Yours
80%
again
60%
blame
60%
brimstone
60%
can’t
60%
changed
60%
chase
60%
crash
60%
don’t
60%
down
60%
each
60%
Even
60%
everyday
60%
forever
60%
found
60%
ghost
60%
handlebars
60%
haven’t
60%
heart
60%
hopes
60%
if
60%
I’ll
60%
jealous
60%
Just
60%
let
60%
longer
60%
lovers
60%
might
60%
names
60%
off
60%
plane
60%
planned
60%
point
60%
satellite
60%
scared
60%
scrub
60%
sitting
60%
star
60%
than
60%
that’s
60%
there
60%
thing
60%
things
60%
truth
60%
will
60%
world
60%
wouldn’t
60%
baby
40%
made
40%
need
40%
never
40%
pin
40%
sure
40%

Score Distribution

Percentile by Number Answered

Percent of People with Each Score

Your Score History

You have not taken this quiz